000
00220nam a2200097Ia 4500
008
240331s9999 xx 000 0 und d
082
_b
SEN
100
_a
Senarathne,P.M
245
0
_a
Sri Lankawe vivaha charithra
942
_c
L
999
_c
5150
_d
5150